Mannschaften gegen die Silas getroffen hat - Statistiken

Allgemein
  • Dieses Quiz wurde 12 mal gespielt
  • Das Durchschnittsergebnis liegt bei 13 aus 19
Antwortstatistiken
Tore Mannschaften % Korrekt
3 Borussia Dortmund
100%
3 Werder Bremen
100%
1 FC Augsburg
92%
2 Borussia M'Gladbach
83%
2 FSV Mainz 05
83%
1 Hannover 96
83%
1 Bayer Leverkusen
75%
1 Eintracht Frankfurt
75%
1 SC Freiburg
75%
1 TSG Hoffenheim
75%
1 Arminia Bielefeld
67%
2 Hamburger SV
67%
4 VfL Bochum
67%
2 1.FC Nürnberg
58%
1 Dynamo Dresden
58%
1 Holstein Kiel
58%
1 SV Sandhausen
58%
1 Hansa Rostock
42%
1 TSG Balingen
17%
Keine übereinstimmenden Quizze gefunden
Verteilung der Resultate
Anzahl Personen mit jedem Resultat
Perzentil nach korrekt beantworteten Fragen
Ihre Resultats-Entwicklung
Sie haben dieses Quiz noch nicht gespielt